Dicionário de direito ambiental : (Record no. 622)

MARC details
000 -LÍDER
Campo Fixo de Controle 00848nam a2200253 a 4500
001 - NÚMERO DE CONTROLE
Campo de Controle 622
003 - IDENTIFICAÇÃO DO NÚMERO DE CONTROLE
Campo de Controle BR-CuiBMT
005 - DATA E HORA DA ÚLTIMA ATUALIZAÇÃO
Campo de Controle 20231127140653.0
008 - DADOS FIXOS
Dados Fixos 231110s2008 rjb d 000 0 por d
020 ## - INTERNATIONAL STANDARD BOOK NUMBER
Nº do ISBN 9788586368332
040 ## - AGÊNCIA CATALOGADORA
Código da Agência Catalogadora BR-CuiBMT
Agência que transcreveu o registro BR-CuiBMT
080 ## - Nº DA CLASSIFICAÇÃO DECIMAL UNIVERSAL
Nº edição CDU 2007
Nº Class. CDU 349.6
Subd. Auxiliar Comum (038)
090 ## - NÚMERO DE CHAMADA
Complemento R
Nº classificação 349.6(038)
Cutter D546
Ano/Edição 2. ed.
245 00 - TÍTULO PRINCIPAL
Título principal Dicionário de direito ambiental :
Subtítulo terminologia das leis do meio ambiente /
Indicação de responsabilidade Maria da Graça Krieger ... [et al.].
250 ## - EDIÇÃO
Edição 2. ed., rev. e atual.
260 ## - PUBLICAÇÃO, DISTRIBUIÇÃO, ETC.
Local de publicação Rio de Janeiro :
Editora Lexikon,
Data 2008.
300 ## - DESCRIÇÃO FÍSICA
N. páginas ou volumes xxviii, 524 p. ;
Dimensões 23 cm
500 ## - NOTAS GERAIS
Notas gerais inclui glossário inglês-português.<br/>
500 ## - NOTAS GERAIS
Notas gerais inclui glossário espanhol-português.
504 ## - NOTA DE BIBLIOGRAFIA, ETC.
Nota de bibliografia inclui bibliografia.
650 ## - ASSUNTO TÓPICO
Cabeçalho tópico ou nome geográfico Direito ambiental
Subdivisão geral Dicionários
700 1# - ENTRADA SECUNDÁRIA -- NOME PESSOAL
Nome pessoal Krieger, Maria da Graça
Cód. do termo explicativo et al.
942 ## - ELEMENTOS DE ENTRADA ADICIONAIS (KOHA)
Fonte de classificação ou esquema de arquivamento Classificação Decimal Universal
Tipo de item do Koha Obras de Referência
Holdings
Estado: removido Estado: perdido Fonte de classificação ou esquema de arquivamento Estado: danificado Indisponível para empréstimo Localização permanente Localização atual Data de aquisição Total Checkouts Número de Chamada completo Código de barras Date last seen Número do exemplar Preço efetivo a partir de Tipo de item (Koha)
    Classificação Decimal Universal     Biblioteca da Escola Superior de Contas do TCE/MT Biblioteca da Escola Superior de Contas do TCE/MT 02/04/2013   R 349.6(038) D546 2. ed. BIBTCEMT23110444 10/11/2023 Ex. 1 10/11/2023 Obras de Referência

Powered by Koha